000 00811cab a22002295a 4500
001 L153446
008 110728e20110723xxk 000 0 eng d
035 _a(Sirsi) u153446
041 0 _aeng
100 1 _aDixon, Annabel
245 0 0 _aFocus
_bleisure
260 _c2011
490 _aEstates Gazette
_v(1129) 23 July 2011, 51-65(12)
520 _aIncludes information on bar and restaurant group Mitchells & Butlers expansion plans, how the hotel market is escaping the downturn, the trend of Mexican food which is hitting the UK high street and an analysis of the Spa market.
590 _aKA
651 4 _aUnited Kingdom
_y
690 _aPROPERTY-COMMERCIAL PROPERTY-COMMERCIAL PROPERTY MARKET
700 1 _aHarris, David
700 1 _aThame, David
700 1 _aPio Kivlehan, Noella
942 _n0
999 _c83294
_d83294